| 000 | 00343 a2200145 4500 | ||
|---|---|---|---|
| 005 | 20250702080409.0 | ||
| 020 | _a978-0-553-82607-4 | ||
| 082 | _a658 LEH | ||
| 100 | _aLEHANE, D. | ||
| 245 | _aShutter Island, | ||
| 250 | _a3th Ed. | ||
| 260 |
_aBritish, _bRecently Published in paperback, _c2004. |
||
| 300 |
_a324P, _c18cm. |
||
| 942 |
_2ddc _cBKS |
||
| 999 |
_c6558 _d6558 |
||